[Event "Paris Rapid & Blitz"]
[Site "?"]
[Date "2019.07.27"]
[Round "1.3"]
[White "Anand, Viswanathan"]
[Black "Nepomniachtchi, Ian"]
[Result "1-0"]
[WhiteElo "2764"]
[BlackElo "2775"]
[EventDate "2019.??.??"]
[Annotator "Bojkov,Dejan"]
[PlyCount "78"]
[Beauty "7699936837666"]
[EventType "blitz"]

1.e4 c5 2.Nf3 d6 3.d4 cxd4 4.Nxd4 Nf6 5.Nc3 a6 6.g3 {A quiet but not bad line at all against the Najdorf.} 6...e5 7.Nb3 Be7 8.Bg2 O-O 9.O-O Nc6 10.h3 ( {Another way to play the position is:} 10.a4 Be6 11.Kh1 Na5 12.Nd5 Nxb3 13.Nxe7+ Qxe7 14.cxb3 h6 15.f4 exf4 16.Bxf4 {as in Rodriguez,C (1737)-Montenegro,H (1684) Bogota 2018.} ) 10...h6 {"Slightly inaccurate way to move pawns forward" (Anand).} 11.Be3 Na5 $146 {The trade of the knight is good for Black as he would not need to retreat with it once an exchange happens on d5.} ( {White is also better in the predecessor:} 11...Be6 12.Qd2 b5 13.Nd5 a5 14.Bb6 ( 14.a4 $5 ) ( 14.Rad1 $5 ) 14...Qd7 15.Nxa5 Bxd5 16.exd5 Nxa5 17.Bxa5 Nh5 18.Bb6 f5 {Laszlo,J (2245)-Mihalko,J (2325) Nyiregyhaza 1994.} ) 12.Nxa5 Qxa5 13.Qd2 {With the threat of Nc3-d5.} 13...Qc7 14.a4 Be6 ( {Maybe} 14...b6 {is better defensively, although Black has to reckon with:} 15.f4 ) 15.a5 Rac8 16.Rfc1 $1 {The key move in this variation and a favorite of the twelfth world champion Karpov (who picked it up from his great coach Geller). Instead of mindlessly occupying the half-open d-file, Anand put the rook where it would actually work. After the white knight jumps on d5, the pawn on c2 would be first of all defended and also supported to move forward to c4-c5 and beyond.} 16...Rfe8 ( {Perhaps Nepomniachtchi should have sent his queen to the kingside, in the hope of a faster counterplay:} 16...Qc4 17.Nd5 Nxd5 18.exd5 Bd7 19.Bf1 Qe4 20.c4 Qg6 ) 17.Nd5 Bxd5 ( {White is also a bit better in the line:} 17...Nxd5 18.exd5 Bf5 19.c4 Qd7 20.Kh2 Bg6 21.b4 e4 22.Rc2 f5 {although it seems like a better chance to me for the second player.} ) 18.exd5 Nh7 {Intending Be7-g5.} 19.h4 $1 {Which rejects this possisbility. Now Black's only hope is the counterplay after:} 19...f5 {But White is faster with:} 20.c4 ( {Also possible is:} 20.Bh3 Rf8 21.c4 {but Anand apparently wants to keep his bishop close to the king.} ) 20...f4 21.gxf4 {The most aggressive reaction.} ( 21.Bb6 Qd7 22.Qd3 {is more solid but slow too.} ) 21...Bxh4 22.c5 $1 {It is all about the speed of these pawns. As Anand mentioned in the brief post-game interview, Black will always have some counterplay left on the kingside (due to the open position of the white king).} 22...Rcd8 ( {Black's position collapses in case of:} 22...dxc5 23.d6 Qd7 24.Qd5+ Kh8 25.fxe5 ) 23.c6 Qf7 ( {If:} 23...bxc6 24.Bb6 Qf7 25.Bxd8 Bxd8 26.dxc6 {wins for White.} ) 24.Ra4 {Another typical but nice maneuver. The rook is helping with the defense of the kingside, but it is also ready for the attack of the b7-pawn.} ( {In the line:} 24.fxe5 Rxe5 25.Qd4 Bf6 26.Qb6 {White does not have enough defenders left on the kingside.} ) 24...exf4 ( {If:} 24...Bf6 25.fxe5 Bxe5 26.Bb6 {White need not worry about the possible Be5-f4 or Qf7-f4 ideas.} ) 25.Rxf4 Bf6 26.Rb4 Re7 ( {Any time Black captures on c6:} 26...bxc6 27.dxc6 {he has additional problems to solve, like the weakening of the a2-g8 diagonal:} 27...Ng5 $2 28.Bxg5 Bxg5 29.f4 Bf6 30.Bd5 ) 27.Qc2 {Anand felt that this was the winning maneuver. White finally makes it to the b7-pawn.} 27...Bg5 28.Bxg5 Nxg5 {Nepomniachtchi is desperately looking for a way to discover the enemy king.} 29.f4 Nh7 30.Qb3 Nf8 ( {The last chance was:} 30...Rb8 {although White is much better with:} 31.Rbc4 ) 31.Rxb7 Rxb7 32.Qxb7 {The queenside battle is over. The only question: Is the black queen powerful enough to arrange a perpetual.} 32...Qxf4 33.Rf1 Qe3+ ( {The checks are over after:} 33...Qd4+ 34.Kh2 Qe5+ 35.Kh1 Qh5+ 36.Kg1 ) 34.Kh1 {Apparently, there is no perpetual, and Anand is winning.} 34...Re8 35.Qf7+ Kh7 36.Qf5+ Ng6 ( {Or:} 36...g6 37.Qf7+ Kh8 38.c7 ) 37.c7 Qc5 38.Be4 Rxe4 39.Qxe4 Qxc7 {Black resigned without waiting for the obvious finish.} ( 39...Qxc7 {If play continued, such as:} 40.Rg1 Qf7 41.b4 ( {or the immediate:} 41.Qxg6+ Qxg6 42.Rxg6 Kxg6 43.b4 Kf6 44.b5 {the a-pawn would achieve promotion.} ) ) 1-0

[Event "Paris Rapid & Blitz"]
[Site "?"]
[Date "2019.07.31"]
[Round "16.2"]
[White "Duda, Jan Krzysztof"]
[Black "Nakamura, Hikaru"]
[Result "0-1"]
[WhiteElo "2729"]
[BlackElo "2754"]
[EventDate "2019.??.??"]
[Annotator "Bojkov,Dejan"]
[PlyCount "67"]
[Beauty "8109321914893"]
[EventType "blitz"]

1.d4 Nf6 2.Bg5 e6 3.e4 h6 4.Bxf6 Qxf6 5.c3 d5 6.Bd3 ( {Mamedyarov managed to grind down Caruana in a recent game:} 6.Qe2 dxe4 7.Qxe4 Bd6 8.Nf3 O-O 9.Bd3 g6 10.Nbd2 Nd7 11.Nc4 Qe7 12.O-O-O {Mamedyarov,S (2774)-Caruana,F (2819) Stavanger 2019} ) 6...c5 7.Nf3 cxd4 8.cxd4 dxe4 9.Bxe4 Be7 $146 {A solid developing move. The position is very much like a French Rubinstein variation.} ( {A predecessor saw instead a crazy tactical game after:} 9...Bd6 10.Nc3 O-O 11.O-O Na6 12.Qe2 g6 13.Nb5 Qe7 14.Nxd6 Qxd6 15.Rac1 Nb4 16.Rc5 b6 17.Qd2 bxc5 18.Qxh6 Qd7 19.Bxa8 Ba6 20.Re1 Rxa8 21.Ng5 f6 22.Qxg6+ Qg7 23.Qxg7+ Kxg7 24.Nxe6+ Kf7 25.Nxc5 {Hakobyan, A (2422)-Babujian,L (2434) Yerevan 2017} ) 10.Nc3 O-O 11.O-O Nc6 12.Bxc6 {Now we are in Panov-Attack Caro-Kann waters. This idea has been used by the 12th world champion Anatoly Karpov before. As long as White manages to keep the light-squared bishop locked, he should not worry it. The problem is that his opponent is often determined to get rid of the pawn, even for free.} 12...bxc6 13.Rc1 Qf5 14.Re1 ( {More accurate seems:} 14.Na4 Rd8 15.Nc5 ) 14...Rd8 ( {Nakamura could have also sacrificed a pawn with:} 14...Bb7 15.Ne4 ( {White cannot keep the pawn in the line:} 15.Na4 c5 16.dxc5 Rfd8 17.Qc2 Qxc2 18.Rxc2 Bc6 19.b3 Rac8 20.Rec1 Bxa4 21.bxa4 Rxc5 ) 15...c5 16.Nxc5 Bxf3 17.Qxf3 Qxf3 18.gxf3 Rfd8 {But there is no need for such decisions yet.} ) 15.Re5 ( {Here White could have also played:} 15.Na4 Rb8 {when Black needs not to worry about:} 16.Rxc6 {As:} 16...Bb7 {provides Black a lot of initiative, for example:} 17.Ne5 $6 Bb4 $1 18.Rf1 ( {Also bad is:} 18.Re2 Rxd4 $1 ) 18...Qxe5 $1 {and Black wins.} ) 15...Qg6 16.Qe2 ( {Here:} 16.Re3 {was almost a must. Duda needed to stop the light-squared bishop from entering the game.} 16...Bb7 17.Ne5 ) 16...Bf6 17.Re4 {Missing his last chance.} ( {True, this time he needed to sacrifice material in order to keep the situation under control with:} 17.Ne4 $1 Bxe5 18.Nxe5 Qf5 19.Qe3 {Then on his turn Black can give back part of it, and open up the bishop with:} 19...c5 20.Nxc5 f6 21.Nc6 Re8 {with an unclear game.} ) 17...Bb7 {Now c6-c5 is unstoppable.} 18.Rf4 ( {White cannot profit from the seemingly awkward position of the black queen with:} 18.Ne5 Qf5 19.g4 Qg5 20.f4 Qh4 {The queen always has enough room.} ) 18...c5 $1 {Once that the second bishop is open, Nakamura will have a strong initiative.} 19.dxc5 Rac8 20.Na4 e5 {This pawn is moving with tempo.} 21.Rb4 Bc6 {And there are also problems with the loose white pieces.} 22.Nc3 a5 23.Rc4 e4 {Not bad. Black wins the exchange.} ( {However, even stronger was the spectacular:} 23...Rd4 $1 24.Rxd4 exd4 25.Nb1 d3 26.Qd1 Re8 {with a huge attack.} ) ( {Or the other spectacular move:} 23...Rd2 $5 24.Qxd2 Bxf3 25.g3 Bg5 26.Qe1 Bxc1 27.Qxc1 Rd8 {with plenty of threats on the light squares as compensation for the pawn.} ) 24.Nxe4 Bb5 25.g3 {Apparently relaxed that the light-squared bishop will leave the board soon Duda commits some kingside weaknesses.} ( {Better was:} 25.h3 {when the line which Nakamura used in the game no longer works:} 25...Re8 26.b3 Rxc5 27.Nxf6+ Qxf6 28.Qxe8+ Bxe8 29.Rxc5 {The knight on f3 is protected.} ) 25...Re8 $1 {Creates a second pin. Such play is deadly in blitz. There are so many threats lurking all around the board, and there is no time on the clock!} ( {After:} 25...Be7 26.Qc2 Bxc4 27.Qxc4 Qf5 28.Kg2 Rb8 {White would have consolidated.} ) 26.b3 ( {If} 26.Qd3 Bxb2 ) 26...Rxc5 {The point behind Nakamura's previous move. Duda now commits the decisive mistake:} 27.Nxf6+ $2 ( {Another try would be:} 27.Re1 {Which would work in case of:} 27...Bxc4 $2 ( {However, the cool} 27...Bc3 $3 {keeps things under control for the second player.} ) 28.Nxf6+ ) ( {Therefore, the last chance was:} 27.Qd2 Rxc4 28.Nxf6+ Qxf6 29.bxc4 Bc6 30.Ne1 Qe6 {although here too, White is in a lot of trouble. His king is permenantly weak, whereas the passed pawn goes nowhere.} ) 27...Qxf6 28.Qxe8+ Bxe8 29.Rxc5 Qxf3 {White must have overlookd that his opponent can defend the bishop against the alternative pin:} 30.Rc8 Qe2 ( {Nothing changes:} 30...Qe4 31.R1c3 Kh7 32.Re3 Qb1+ 33.Kg2 Bb5 ) 31.R1c3 Kh7 32.Re3 Qd1+ 33.Kg2 Qd5+ 34.Kg1 {Without waiting for the obvious bishop move, Duda resigned.} 0-1

[Event "E Grand Prix"]
[Site "Riga"]
[Date "2019.07.17"]
[Round "12.3"]
[White "Grischuk, Alexander"]
[Black "Yu, Yangyi"]
[Result "1-0"]
[WhiteElo "2766"]
[BlackElo "2736"]
[EventDate "2019.??.??"]
[Annotator "Bojkov,Dejan"]
[PlyCount "123"]
[Beauty "6258438445576"]
[EventType "team-tourn"]
[EventCountry "LAT"]

1.d4 Nf6 2.c4 e6 3.Nf3 d5 4.Nc3 Be7 5.Bf4 O-O 6.e3 Nbd7 7.Be2 dxc4 8.O-O a6 ( {Yu refrains from the line:} 8...c5 9.dxc5 Nxc5 10.Bxc4 b6 11.Qc2 Bb7 12.Rfd1 Qc8 13.Nb5 a6 14.Nd6 Bxd6 15.Bxd6 {which brings White good memories from the game Grischuk,A (2771)-Topalov,V (2740) Shamkir 2019} ) 9.a4 c5 10.d5 exd5 11.Nxd5 Nxd5 12.Qxd5 Nf6 13.Qxd8 Rxd8 {[#]} 14.Bc7 $1 $146 {An important novelty which spoils Black's coordination.} ( {White did not get much from the predecessor:} 14.Bxc4 Nd5 15.Be5 Be6 16.Rfc1 f6 17.Bg3 Kf7 {Pashikian,A (2618)-Kanmazalp,O (2389) Plovdiv 2012} ) 14...Re8 ( {After} 14...Rd7 15.Ba5 {Black has difficulties with the development of his queenside.} ) 15.Bxc4 {The difference in comparison to the game Pashikian-Kanmazalp becomes obvious- Black cannot use the d5 square for his knight.} 15...Bg4 {There are not too many squares left for his bishop.} ( {If} 15...Bf8 $2 {with the idea Bc8-e6, then} 16.Ng5 {is awkward.} ) ( {White is clearly better after:} 15...Bf5 $6 16.Ne5 Rf8 17.Rfd1 Rac8 18.Bb6 ) 16.h3 Rac8 ( {No strong player will part with his bishop pair volunteerily:} 16...Bxf3 $6 17.gxf3 Rac8 18.Ba5 ) 17.Bf4 Be6 {Finally, Yu decided that the weakening of his pawn structure is the lesser evil for him.} ( 17...Bf5 {would be met with:} 18.Ne5 {Which would also force a concession.} ) ( {And:} 17...Bh5 18.Rfd1 Red8 19.g4 Bg6 20.Ne5 {is not picknick for Black neither.} ) 18.Bxe6 fxe6 19.a5 $1 {It is important to separate the Black pawn majority. Grischuk achieved comfortable advantage, slight but without any risk. A dream position for a rapid game.} 19...Nd5 20.Be5 Red8 21.Rfc1 Nb4 22.Kf1 {After the centralization Wihte will maneuver his knight to either c4 or e4 squares. This position is very much alike to the fifth game of the Petrosian-Botvinnik 1963 match and Grischuk did not have to invent anything new. Just follow Petrosian's lead!} 22...Nd3 23.Rc2 c4 ( {Not much is changed with:} 23...Rd5 24.Bc3 c4 25.Nd2 ) ( {Whereas:} 23...Nxe5 24.Nxe5 Bf6 25.Nc4 {would lead to a position reminiscent of the rapid game Grischuk-So from the last Grand Prix in Moscow.} ) 24.Ke2 Nb4 25.Rd2 Rd5 $6 ( {Better was:} 25...Nd3 {although White obviously would not have repeated moves and would have kept on grinding with:} 26.Bc3 ) 26.Bc3 Nd3 27.b3 $1 {The centralized White army can start a fight on the queenside as well. It is good to have the king close to the battlefield!!} 27...Bb4 ( {A better chance was:} 27...Nb4 28.Bxb4 Bxb4 29.bxc4 Rxc4 30.Rxd5 exd5 31.Kd3 {although White preserves stable advantage here too.} ) 28.Bxb4 Nxb4 29.bxc4 Rxc4 30.Ra4 $1 {With the threat of a rook swap followed by Nf3-d2. The pin is far nastier than it seems.} 30...Rdc5 {A blunder.} ( {However, even after the best defense:} 30...Rb5 31.Nd4 Re5 32.Kf3 ( 32.Rb2 Rxd4 ) 32...g6 33.Rb2 Nd3 34.Rxc4 Nxb2 35.Rb4 Nd3 36.Rxb7 Rxa5 37.Nxe6 {White would be up a pawn.} ) 31.Rd8+ Kf7 32.Nd2 Nc6 ( {Or} 32...Rh4 33.Rd7+ Ke8 34.Rxb7 ) 33.Rxc4 Rxc4 34.Rd7+ $1 {An important in-between move.} ( 34.Nxc4 Nxd8 ) 34...Ke8 35.Rxb7 Ra4 36.Rxg7 {Grischuk not only won material, but he managed to keep the activity of his pieces.} 36...h5 37.Rg5 {The simplest.} ( {Also good was:} 37.Nb3 Ra3 38.Nc5 ) 37...Rxa5 38.Rxa5 Nxa5 39.Ne4 {The knight endgame is won for White. Grischuk calmly finishes the game.} 39...Nb7 40.Nf6+ Ke7 41.Nxh5 a5 42.Nf4 a4 43.Kd2 a3 44.Kc2 Nc5 45.f3 Kf7 46.Kb1 e5 47.Ne2 Nd3 48.g3 ( {Not:} 48.Ka2 Ne1 ) 48...Nb4 49.Nc3 Kg6 50.h4 Kh5 51.e4 Nc6 52.Nd5 Nd4 53.f4 exf4 54.Nxf4+ Kg4 55.h5 Kg5 56.e5 Nf5 57.e6 Ng7 58.Ka2 Nf5 ( {Or} 58...Nxe6 59.Nxe6+ Kxh5 60.Nf4+ Kg4 61.Ne2 ) 59.Kxa3 Kf6 60.g4 Ne3 61.h6 Nxg4 62.e7 $1 1-0

[Event "E Grand Prix"]
[Site "Riga"]
[Date "2019.07.18"]
[Round "19.1"]
[White "Mamedyarov, Shakhriyar"]
[Black "So, Wesley"]
[Result "1-0"]
[WhiteElo "2765"]
[BlackElo "2763"]
[EventDate "2019.??.??"]
[Annotator "Bojkov,Dejan"]
[PlyCount "67"]
[Beauty "8110240434220"]
[EventType "team-tourn"]
[EventCountry "LAT"]

1.d4 Nf6 2.c4 e6 3.Nf3 d5 4.g3 Be7 5.Bg2 O-O 6.O-O dxc4 7.Ne5 Nc6 8.Nxc6 bxc6 9.Na3 Bxa3 10.bxa3 Ba6 11.Qd2 ( {Another top game went:} 11.Qa4 Bb5 12.Qc2 Qxd4 13.Bb2 Qc5 14.Rfd1 Rfd8 15.a4 Ba6 16.Qc3 {Nakamura,H (2777)-So,W (2780) chess.com INT 2018} ) 11...Rb8 12.Qa5 Rb6 13.a4 Qd6 14.a3 $146 {"A good move. At least for one game." (Mamedyarov) The idea is to prevent the d6-b4 maneuver which trades the queens.} ( {In the predecessor White also managed to post some problems for his opponent after:} 14.e4 Qb4 15.Qxb4 Rxb4 16.Ba3 Rxa4 17.Bxf8 Kxf8 18.Rfc1 Ra3 {Lenderman,A (2637) -Safarli,E (2681) chess.com INT 2019} ) 14...Rfb8 {Black believed that this is a mistake and that White should be better after his next obvious move.} 15.e4 c3 {So played the only move that his opponent did not analyze at home but it turned out to be a mistake.} ( {"The first line of the engine runs":} 15...Qd8 16.Rd1 Qc8 17.Bg5 {"but I do not like this position for Black." (Mamedyarov) "It looks very dangerous for him after:"} 17...Rb3 18.Bxf6 gxf6 19.e5 f5 20.Bxc6 {"followed by d4-d5." (Mamedyarov)} ) ( {"The problem with this line is the move: "} 15...Nxe4 $3 16.Bxe4 Qxd4 17.Be3 Qxe4 18.Bxb6 Rxb6 19.Rfe1 {"Now Black has to find (know) the only move that leads to a draw":} 19...Qg6 ( 19...Qf3 $2 {loses to} 20.Rab1 $1 ) ( 19...Qd5 $4 {is game over after} 20.Rad1 Qxa5 21.Rd8# ) 20.Qe5 Rb7 21.Qa5 Rb6 22.Qe5 {with a draw. All lines provided by Mamedyarov.} ) 16.e5 Qd8 ( {Against:} 16...Qxd4 {White planned at least:} 17.Be3 Qd3 18.exf6 Rb1 ( 18...c2 19.Rfc1 Rb1 20.Qg5 {also wins for White.} ) 19.Raxb1 ( 19.Qg5 {is even easier.} ) 19...Rxb1 20.Qxa6 $1 Qxa6 21.Rxb1 {with won position.} ) 17.exf6 Bxf1 18.Bxf1 c2 ( 18...Qxd4 19.Be3 Qxf6 20.Qxa7 {would not save Black neither.} ) 19.Ra2 $1 {Missed by the American GM.} ( {Instead:} 19.Qg5 Qxf6 20.Qxf6 gxf6 21.Ra2 Rb1 22.Rxc2 Ra1 23.Rb2 Rxb2 24.Bxb2 Ra2 25.Bc1 Ra1 {is not clear at all.} ) 19...Qd5 ( 19...Qxf6 20.Rxc2 Qxd4 21.Be3 ) 20.Qxd5 cxd5 21.Rxc2 {In comparison from the line from above White kept the active rook alive and this is enough for the win.} 21...gxf6 22.Rxc7 R8b7 23.Rc5 $1 {It is important not to swap the rooks off as the white one cements the position.} 23...Kg7 24.Kg2 Rb1 {Next Mamedyarov consolidated his material advantage and won:} 25.Bb5 Ra1 26.Rc3 Rb6 27.Bf4 Rb7 28.Kf3 $1 {Intending Kf3-g4-h5 with mating threats.} 28...Rd1 29.Be3 Rb1 30.Kg4 Rh1 31.h4 Kg6 32.Bd3+ f5+ ( {Or:} 32...Kg7 33.Kh5 $1 ) 33.Kf3 Rd1 34.g4 1-0

[Event "E Grand Prix"]
[Site "Riga"]
[Date "2019.07.22"]
[Round "28.1"]
[White "Mamedyarov, Shakhriyar"]
[Black "Vachier Lagrave, Maxime"]
[Result "1-0"]
[WhiteElo "2765"]
[BlackElo "2775"]
[EventDate "2019.??.??"]
[Annotator "Bojkov,Dejan"]
[PlyCount "55"]
[Beauty "8250900616727"]
[EventType "team-tourn"]
[EventCountry "LAT"]

1.d4 Nf6 2.c4 g6 3.Nc3 d5 4.cxd5 Nxd5 5.e4 Nxc3 6.bxc3 Bg7 7.Qa4+ Qd7 ( {Recently Black did spectacularly well in the following game:} 7...Nd7 8.Nf3 O-O 9.Be2 e5 10.Ba3 Re8 11.dxe5 Nxe5 12.Rd1 Bd7 13.Qb3 Nxf3+ 14.gxf3 Qc8 {Vidit,S (2711)-Shankland,S (2731) Prague 2019} ) 8.Qa3 b6 9.Nf3 Bb7 10.Bd3 O-O 11.O-O c5 12.Bf4 $146 {"My seconds offered me this move." (Mamedyarov)} ( {Mamedyarov deviates from a game of his opponent:} 12.Rd1 cxd4 13.cxd4 Nc6 14.Bb2 e6 15.Rac1 Na5 16.Ne5 Qd8 17.Bc3 Re8 18.Bb5 Re7 19.Bxa5 bxa5 20.Bc6 {where Black also had problems, Bogner,S (2599)-Vachier Lagrave,M (2757) Germany 2015} ) 12...cxd4 13.cxd4 Nc6 {This and the next move by Black were disliked by both players.} ( {White suggested:} 13...e6 {as an alternative.} ) ( {Apparently both players think that White has much better position in case of:} 13...Bxd4 14.Nxd4 ( 14.Rad1 $5 ) 14...Qxd4 15.Qxe7 Qxd3 16.Qxb7 Na6 17.Rad1 ) 14.d5 Na5 {Decentralizing the knight.} ( {But Vachier-Lagrave did not like the position after:} 14...Nd4 15.Nxd4 $1 ( {Mamedyarov added that Black should not be afraid of the line:} 15.Ne5 Qd6 16.Qxd6 exd6 17.Nc4 f5 $1 ) 15...Bxd4 16.Rac1 Rfc8 17.Qb4 {"White is better as Bd3-b5 is coming."(Mamedyarov)} ) 15.Rac1 Rfc8 16.h3 $1 {"A very good move." (Mamedyarov) Black has very few ideas and the Azeri GM waits to see which one will he execute. In the meanwhile he opens air for his king, just in case.} ( {The immediate:} 16.Bd2 {is not as good due to} 16...e6 {(Mamedyarov)} ) 16...e6 {Desperately trying to destroy the center. However, White is in control.} ( {After:} 16...f5 17.Ng5 fxe4 18.Bxe4 {Black weakens his kingside badly and the white knight will land on e6 soon.} ) ( {Also bad for the second player is the line:} 16...Rxc1 17.Rxc1 Rc8 18.Rxc8+ Bxc8 19.Ne5 Qd8 20.Qc1 {when Ne5-c6 will follow soon. (Mamedyarov)} ) 17.d6 f6 18.e5 $1 Bxf3 19.exf6 $1 {Missed by Vachier-Lagrave. "It is probably just lost (now)."} 19...Bxf6 ( {If} 19...Bxg2 20.Kxg2 Bxf6 21.Ba6 Rxc1 22.Rxc1 {followed by Rc1-c7.} ) 20.gxf3 e5 21.Bd2 {White's pawn structure is a mess, but it is much more important that the black pieces cannot coordinate themselves.} 21...Rxc1 ( 21...Nc6 22.Ba6 {(Mamedyarov)} ( 22.Be4 {might be even better.} ) ) ( {White would defend the important central pawn tactically in the line:} 21...Rd8 22.Rfd1 Qxd6 23.Qxd6 Rxd6 24.Bxa5 bxa5 25.Bc4+ ) ( {Whereas the other pawn is not important at all:} 21...Qxh3 22.Be4 Rxc1 23.Rxc1 Rd8 24.Rc7 {since the centralized white army will soon reach the black king.} ) 22.Rxc1 Rc8 23.Rxc8+ Qxc8 24.Kg2 {Solid. There is nothing Black can do against the plan of a bishop maneuver to e4.} 24...Bd8 25.Be4 Qe6 ( {Nothing changes:} 25...Qc4 26.d7 Qf7 27.Bh6 Nc4 28.Qd3 {(Mamedyarov)} ) 26.Qd3 Kg7 27.Bc3 Qf6 28.Kf1 ( 28.Kf1 {And Black resigned as there is no way to stop the queen centralization to d5, say:} 28...Qg5 29.Ke2 ) 1-0